TARGET DISCOVERY AND VALIDATION REVIWS AND PROTOCOLS (Record no. 26955)
[ view plain ]
| 000 -LEADER | |
|---|---|
| fixed length control field | 00408nam a22001577a 4500 |
| 003 - CONTROL NUMBER IDENTIFIER | |
| control field | SGT |
| 020 ## - INTERNATIONAL STANDARD BOOK NUMBER | |
| International Standard Book Number | 1588298906 |
| 082 ## - DEWEY DECIMAL CLASSIFICATION NUMBER | |
| Classification number | 615.16 |
| Item number | T07S |
| 100 ## - MAIN ENTRY--PERSONAL NAME | |
| Personal name | SIOUD, MOULDY |
| 245 ## - TITLE STATEMENT | |
| Title | TARGET DISCOVERY AND VALIDATION REVIWS AND PROTOCOLS |
| 260 ## - PUBLICATION, DISTRIBUTION, ETC. (IMPRINT) | |
| Place of publication, distribution, etc | NEW GERSEY |
| Name of publisher, distributor, etc | HUMANA PRESS |
| Year of Publication | 2007 |
| 300 ## - PAGE DESCRIPTION | |
| No. of Pages | 345 |
| 650 ## - SUBJECT ADDED ENTRY--TOPICAL TERM | |
| Topical term or geographic name as entry element | PHARMACY |
| 653 ## - KEYWORDS--INDEX TERM | |
| Keyword term | TARGET, DISCOVERY , VALIDATION, REVIWS, PROTOCOLS |
| 942 ## - ADDED ENTRY ELEMENTS (KOHA) | |
| Source of classification or shelving scheme | Dewey Decimal Classification |
| Koha item type | Books |
| Withdrawn status | Lost status | Source of classification or shelving scheme | Damaged status | Use restrictions | Not for loan | Collection code | Home library | Current library | Shelving location | Date acquired | Vendor Name | Cost, normal purchase price | SGTU | Bill Number | Total Checkouts | Full call number | Accession No. (Barcode) | Date last seen | Bill Date | Koha item type |
|---|---|---|---|---|---|---|---|---|---|---|---|---|---|---|---|---|---|---|---|---|
| Dewey Decimal Classification | Restricted Access | PHARMACY | SGT FA-FP Library | SGT FA-FP Library | Reference Book | 24/09/2024 | AHUJA PUB. | 5995.00 | SGTU | 19381 | 615.16 T07S | FP4968 | 24/09/2024 | 13/08/2024 | Books | |||||
| Dewey Decimal Classification | Restricted Access | PHARMACY | SGT FA-FP Library | SGT FA-FP Library | Reference Book | 24/09/2024 | AHUJA PUB. | 5995.00 | SGTU | 19381 | 615.16 T07S | FP4969 | 24/09/2024 | 13/08/2024 | Books |